Statistics for Bee Swarm Simulator

Click here to take the quiz!

General Stats

  • This quiz has been taken 746 times
  • The average score is 8 of 11

Answer Stats

Bee SwarmAnswer% Correct
How Many Bee's Can You Have In A Normal Hive Slot25
99%
How Many Moon Tokens Do You Need For A Moon Amulet100
98%
How Many Bee's Do You Need To Get To Ant Challenge20
98%
How Many Stingers For A Viscous Bee250
98%
How Many Bee's Do You Need To See Onett's Quests30
98%
How Many Gumdrops Do You Need To Get Gummy Bee2,500
95%
How Do You Talk To Stick BugTranslator
68%
How Many Types Of Bee's Are There43
48%
How Much Health Does King Beetle Have2,000
40%
What's The Best BossKing Crab
16%
What's The Best BearSpirt Bear
14%

Score Distribution

Percentile by Number Answered

Percent of People with Each Score

Your Score History

You have not taken this quiz